Regions of Japan with Map - Statistics

General Stats
  • This quiz has been taken 1,961 times
  • The average score is 5 of 8
Answers on the Map
Answers color-coded by a green-red scale on the quiz's map according to % correct below.
 
Answer Stats
Answer % Correct
Hokkaido
97%
Kanto
78%
Kyushu
76%
Shikoku
72%
Kansai
62%
Tohoku
57%
Chubu
54%
Chugoku
49%
No matching quizzes found
Score Distribution
Percent of People with Each Score
Percentile by Number Answered
Your Score History
You have not taken this quiz